000 00309 a2200121 4500
000 nam a22 7a 4500
005 20260318121054.0
020 _a9781041114420
100 _aBikram Keshari Pattanaik
_91132439
245 _aFundamentals of Rural Development
260 _bRoutledge
_c2025
942 _cTEXL
999 _c1715681
_d1715681